| 000 | 00862nam a2200229 a 4500 | ||
|---|---|---|---|
| 001 | 000024346 | ||
| 005 | 20200930022930.0 | ||
| 008 | 110126s2000 pe r 000 0 spa d | ||
| 020 | _a9972450988 | ||
| 040 |
_aDO-SdBNP _bspa _cBNPHU |
||
| 082 |
_axxxxx _bS586i |
||
| 100 | 1 |
_aSilva Santisteban, Fernando _949931 |
|
| 245 | 1 | 0 |
_aIntroducción a la antropología jurídica / _cFernando Silva Santisteban. |
| 260 |
_aLima, Perú : _bUniversidad de Lima : _bFondo de Cultura Económica, _c2000. |
||
| 300 |
_a384 p. ; _c23.5 cm. |
||
| 490 | 1 | _aBiblioteca universidad de lima | |
| 500 | _aIncluye bibliografía p. [311-327]. | ||
| 500 | _aIncluye referencia biográfica del autor en la solapa de la cubierta. | ||
| 504 | _aIncluye referencias bibliográficas y notas al pie de las páginas. | ||
| 830 | 0 |
_aBiblioteca universidad de lima _933896 |
|
| 049 | _aBNGR | ||
| 999 |
_c23839 _d23839 |
||